书目信息 |
| 题名: |
中国民营企业国际合作蓝皮书
|
|
| 作者: | 王燕国 主编 ;中国民营经济国际合作商会 编 | |
| 分册: | 2013 | |
| 出版信息: | 北京 人民出版社 2014 |
|
| 页数: | 11,399页 | |
| 开本: | 24cm | |
| 丛书名: | ||
| 单 册: | ||
| 中图分类: | F279.245 | |
| 科图分类: | ||
| 主题词: | 民营企业--Min Ying Qi Ye--国际合作--白皮书--中国--2013 | |
| 电子资源: | ||
| ISBN: | 978-7-01-013076-7 | |
| 000 | 01349nam0 22002651 450 | |
| 001 | 349820 | |
| 005 | 20161009085028.95 | |
| 010 | @a978-7-01-013076-7@dCNY50.00 | |
| 100 | @a20140226d2014 em y0chiy50 ea | |
| 101 | 0 | @achi@eeng |
| 102 | @aCN@b110000 | |
| 105 | @ay z 000yy | |
| 106 | @ar | |
| 200 | 1 | @a中国民营企业国际合作蓝皮书@AZhong Guo Min Ying Qi Ye Guo Ji He Zuo Lan Pi Shu@h2013@dBlue book on international cooperation of Chinese private enterprises@h2013@f中国民营经济国际合作商会编@zeng |
| 210 | @a北京@c人民出版社@d2014 | |
| 215 | @a11,399页@d24cm | |
| 314 | @a主编:王燕国 | |
| 330 | @a本书全面、系统地介绍和分析了中国民营企业开展境外投资与合作的特点与成就、经验与教训、机遇与挑战,集中了三一重工国际收购、阿里巴巴香港退市、京东商城的融资之路、联想国际化等10个民营企业“走出去”经典案例分析,并汇编了自2000年中央提出“走出去”战略以来,国务院和有关部委颁布的关于鼓励、支持和引导民营企业境外投资与合作的政策法规性文件。 | |
| 510 | 1 | @aBlue book on international cooperation of Chinese private enterprises@h2013@zeng |
| 606 | 0 | @a民营企业@AMin Ying Qi Ye@x国际合作@x白皮书@y中国@z2013 |
| 690 | @aF279.245@v5 | |
| 701 | 0 | @a王燕国@AWang Yan Guo@4主编 |
| 712 | 02 | @a中国民营经济国际合作商会@AZhong Guo Min Ying Jing Ji Guo Ji He Zuo Shang Hui@4编 |
| 801 | 0 | @aCN@bTANGWEI@20160802 |
| 905 | @b0886925-9@dF279.245@e1285@f5 | |
| 中国民营企业国际合作蓝皮书.2013=Blue book on international cooperation of Chinese private enterprises.2013/中国民营经济国际合作商会编.-北京:人民出版社,2014 |
| 11,399页;24cm |
| ISBN 978-7-01-013076-7:CNY50.00 |
| 本书全面、系统地介绍和分析了中国民营企业开展境外投资与合作的特点与成就、经验与教训、机遇与挑战,集中了三一重工国际收购、阿里巴巴香港退市、京东商城的融资之路、联想国际化等10个民营企业“走出去”经典案例分析,并汇编了自2000年中央提出“走出去”战略以来,国务院和有关部委颁布的关于鼓励、支持和引导民营企业境外投资与合作的政策法规性文件。 |
| ● |
| 相关链接 |
|
|
|
|
正题名:中国民营企业国际合作蓝皮书
索取号:F279.245/1285
 
预约/预借
| 序号 | 登录号 | 条形码 | 馆藏地/架位号 | 状态 | 备注 |
| 1 | 0886925 | 208869250 | 第一样本阅览室/ [索取号:F279.245/1285] | 在馆 | |
| 2 | 0886926 | 208869269 | 第一借阅区/ [索取号:F279.245/1285] | 在馆 | |
| 3 | 0886927 | 208869278 | 密集书库-海洋学院/ [索取号:F279.245/1285] | 在馆 | |
| 4 | 0886928 | 208869287 | 第一借阅区/ [索取号:F279.245/1285] | 在馆 | |
| 5 | 0886929 | 208869296 | 第一借阅区/ [索取号:F279.245/1285] | 在馆 |